| 000 | 00996nam a2200229 a 4500 | ||
|---|---|---|---|
| 001 | 000355282 | ||
| 003 | AM-YeHGA | ||
| 005 | 20250618072222.0 | ||
| 008 | 040225s1978 ai |||||r|||||||||0|arm|d | ||
| 040 | _aAM-YeHGA | ||
| 041 | 1 |
_aarm _hrus |
|
| 245 | 1 | 0 |
_aՔո ընկեր Վոլոդյա Ուլյանովը : _b[Պատմվածքներ] / _cԼ. Սուզան ; Թարգմ.՝ Գ. Վիրապյան ; Խմբ.՝ Մ. Բերբերյան ; Նկ.՝ Գ. Գասպարյան. |
| 260 |
_aԵրևան : _bՍովետական գրող, _c1978. |
||
| 300 |
_a84 էջ : _bնկ. ; _c17 սմ. |
||
| 600 | 1 | 0 |
_aԼենին, Վլադիմիր Իլյիչ, _d1870-1924 _95803 |
| 650 | 1 | 4 |
_aՌուս գրականություն _xՊատմվածք _94645 |
| 700 | 1 |
_aՎիրապյան, Գևորգ Վահանի, _d1917-1977 _eթարգմ. _4trl |
|
| 700 | 1 |
_aԲերբերյան, Մ. _eխմբ. _4edt |
|
| 700 | 1 |
_aԳասպարյան, Գաստելլո Ավետիսի, _d1941- _eնկ. _4art _93220 |
|
| 942 |
_2udc _cBK |
||
| 090 | _c137543 | ||
| 999 |
_c136172 _d136172 |
||